ბათუმის შოთა რუსთაველის სახელმწიფო უნივერსიტეტის ბიბლიოთეკა

ქოროღლის ეპოსის ქართული ვერსიის აჭარული ვარიანტები / (ბიბ.ჩანაწერი № 55451)

000 -ლიდერი
ფიქსირებული სიგრძის საკონტროლო ველი 01579nam a2200241Ia 4500
001 - საკონტროლო ნომერი
საკონტროლო ველი 22533
003 - საკონტროლო ნომრის იდენტიფიკატორი
საკონტროლო ველი GE_BSU
005 - ბოლო ოპერაციის თარიღი და დრო
საკონტროლო ველი 20210514103321.0
008 - ფიქსირებული სიგრძის მონაცემთა ელემენტები - ზოგადი ინფორმაცია
ფიქსირებული სიგრძის საკონტროლო ველი 181216s2015||||ge |||||||||||||| ||geo||
040 ## - კატალოგიზაციის წყარო
Transcribing agency GE_BSU
041 ## - ენის კოდი
Language code of text/sound track or separate title geo
080 ## - უნივერსალური ათობითი კლასიფიკაციის ინდექსი
Universal Decimal Classification number 82 კ-33
100 ## - მთავარი ჩანაწერი - პიროვნების სახელი
Personal name კაშია, ალკაზარ
9 (RLIN) 11199
245 ## - ცნობა სათაურის შესახებ
Title ქოროღლის ეპოსის ქართული ვერსიის აჭარული ვარიანტები /
Statement of responsibility, etc ალკაზარ კაშია; სამეცნიერო ხელმძღვანელი თინა შიოშვილი; ბათუმის შოთა რუსთაველის სახ-ფო უნ-ტი. ჰუმანიტარულ მეცნიერებათა ფაკულტეტი ქართული ფილოლოგიის დეპარტამენტი.
264 ## - წარმოების, გამოცემის, დისტრიბუციის და სხვა ცნობები
გამოცემის, წარმოების, დისტრიბუციის... ადგილი ბათუმი,
გამოცემის, წარმოების, დისტრიბუციის... თარიღი 2015.
300 ## - ფიზიკური აღწერა
Extent 254 გვ.
Other physical details 30 სმ.
653 ## - INDEX TERM--UNCONTROLLED
Uncontrolled term ქოროღლის ეპოსის ქართული ვერსიის აჭარული ვარიანტები
653 ## - INDEX TERM--UNCONTROLLED
Uncontrolled term ფილოლოგია
653 ## - INDEX TERM--UNCONTROLLED
Uncontrolled term დისერტაცია
700 ## - ADDED ENTRY--PERSONAL NAME
Personal name შიოშვილი, თინა
Relator term სამეცნიერო ხელმძღვანელი
9 (RLIN) 11790
710 ## - ADDED ENTRY--CORPORATE NAME
Corporate name or jurisdiction name as entry element ბსუ
Subordinate unit ჰუმანიტარულ მეცნიერებათა ფაკ-ტი. ქართული ფილოლოგიის დეპ-ტი
9 (RLIN) 10556
942 ## - ADDED ENTRY ELEMENTS (KOHA)
Koha item type წიგნი
Source of classification or shelving scheme
ეგზემპლარები
ჩამოწერის სტატუსი დაკარგული ეგზემპლარის სტატუსი კლასიფიკაციის წყარო ან თაროზე გაწყობის სქემა დაზიანების სტატუსი არ გაიცემა მუდმივი მდებარეობა (დაცვის ადგილი) ამჟამინდელი ადგილსამყოფელი შეძენის თარიღი სრული შენახვის შიფრი შტრიხკოდი ბოლო ოპერაციის თარიღი ეგზემპლარის მიმდევრობითი ნომერი (კეტერი?) ფასის ძალაში შესვლის თარიღი ეგზემპლარის სახეობა საჯარო შენიშვნა
        შიდა ფონდი ბათუმის შოთა რუსთაველის სახელმწიფო უნივერსიტეტის მთავარი ბიბლიოთეკა ბათუმის შოთა რუსთაველის სახელმწიფო უნივერსიტეტის მთავარი ბიბლიოთეკა 2018-12-17 82 კ-33 236 დისერტ 2018-12-17 236 2018-12-17 დისერტაცია